|
|
|
|
| LEADER |
02915nam a22005655i 4500 |
| 001 |
978-3-319-04304-3 |
| 003 |
DE-He213 |
| 005 |
20151204143132.0 |
| 007 |
cr nn 008mamaa |
| 008 |
140220s2014 gw | s |||| 0|eng d |
| 020 |
|
|
|a 9783319043043
|9 978-3-319-04304-3
|
| 024 |
7 |
|
|a 10.1007/978-3-319-04304-3
|2 doi
|
| 040 |
|
|
|d GrThAP
|
| 050 |
|
4 |
|a HB615
|
| 072 |
|
7 |
|a KJH
|2 bicssc
|
| 072 |
|
7 |
|a BUS025000
|2 bisacsh
|
| 082 |
0 |
4 |
|a 658.421
|2 23
|
| 100 |
1 |
|
|a Shi, Henry X.
|e author.
|
| 245 |
1 |
0 |
|a Entrepreneurship in Family Business
|h [electronic resource] :
|b Cases from China /
|c by Henry X Shi.
|
| 264 |
|
1 |
|a Cham :
|b Springer International Publishing :
|b Imprint: Springer,
|c 2014.
|
| 300 |
|
|
|a XV, 173 p. 14 illus.
|b online resource.
|
| 336 |
|
|
|a text
|b txt
|2 rdacontent
|
| 337 |
|
|
|a computer
|b c
|2 rdamedia
|
| 338 |
|
|
|a online resource
|b cr
|2 rdacarrier
|
| 347 |
|
|
|a text file
|b PDF
|2 rda
|
| 490 |
1 |
|
|a International Studies in Entrepreneurship,
|x 1572-1922 ;
|v 30
|
| 505 |
0 |
|
|a 1. Introduction -- 2. Conceptualisation -- 3. Methods and methodology -- 4. Research settings -- 5. Family orientation, market orientation -- 6. Opportunity and Innovation -- 7. Ability and motivation -- 8. Discussion and conclusion.
|
| 520 |
|
|
|a This book presents an excellent analysis of how a family business is different from other forms of organization and especially its peculiarities in relation to entrepreneurship. Focusing on small and medium-sized second-generation Chinese family businesses this book provides an in-depth analysis on the relationship between the firms’ family attributes – or “familiness” as conceptualized in this book – and entrepreneurial processes, which leads to different outcomes. Eight cases from China are presented in this book and a dual-level approach is proposed for research on entrepreneurship in family businesses, emphasizing both firm processes and the role of individual owner-managers. Readers will also find several useful policy and practice-oriented perspectives in this book.
|
| 650 |
|
0 |
|a Business.
|
| 650 |
|
0 |
|a Entrepreneurship.
|
| 650 |
|
0 |
|a Organization.
|
| 650 |
|
0 |
|a Planning.
|
| 650 |
|
0 |
|a Management.
|
| 650 |
|
0 |
|a Industrial management.
|
| 650 |
|
0 |
|a Globalization.
|
| 650 |
|
0 |
|a Markets.
|
| 650 |
|
0 |
|a Economic sociology.
|
| 650 |
1 |
4 |
|a Business and Management.
|
| 650 |
2 |
4 |
|a Entrepreneurship.
|
| 650 |
2 |
4 |
|a Emerging Markets/Globalization.
|
| 650 |
2 |
4 |
|a Organizational Studies, Economic Sociology.
|
| 650 |
2 |
4 |
|a Innovation/Technology Management.
|
| 650 |
2 |
4 |
|a Organization.
|
| 710 |
2 |
|
|a SpringerLink (Online service)
|
| 773 |
0 |
|
|t Springer eBooks
|
| 776 |
0 |
8 |
|i Printed edition:
|z 9783319043036
|
| 830 |
|
0 |
|a International Studies in Entrepreneurship,
|x 1572-1922 ;
|v 30
|
| 856 |
4 |
0 |
|u http://dx.doi.org/10.1007/978-3-319-04304-3
|z Full Text via HEAL-Link
|
| 912 |
|
|
|a ZDB-2-SBE
|
| 950 |
|
|
|a Business and Economics (Springer-11643)
|